The crisis of German ideology : intellectual origins of the Third Reich
Saved in:
| Main Author: | |
|---|---|
| Format: | Book |
| Language: | English |
| Published: |
New York :
Howard Fertig,
c1998
|
| Subjects: | |
| Tags: |
Add Tag
No Tags, Be the first to tag this record!
|
MARC
| LEADER | 00000cam a2200000 i 4500 | ||
|---|---|---|---|
| 001 | 1/10826 | ||
| 008 | 101110s1998 eng d | ||
| 020 | |a 978-0-86527-426-6 | ||
| 020 | |a 0-86527-426-6 | ||
| 035 | |l 10109173 | ||
| 040 | |a GR-MY-UA |b gre |e aacr | ||
| 041 | 0 | |a eng | |
| 082 | 0 | |a 320.540943 |2 (22) | |
| 100 | 1 | |a Mosse, George L. |q (George Lachmann), |d 1918-1999. | |
| 245 | 1 | 4 | |a The crisis of German ideology : |b intellectual origins of the Third Reich / |c George L. Mosse |
| 260 | |a New York : |b Howard Fertig, |c c1998 | ||
| 300 | |a xii, 373 σ.; |c 21 εκ. | ||
| 504 | |a Περιέχει βιβλιογραφία και ευρετήριο | ||
| 600 | 1 | 0 | |a Hitler, Adolf, |d 1889-1945. |
| 650 | 0 | 0 | |a Nationalism |z Germany |x History. |
| 650 | 0 | 0 | |a National socialism |x History. |
| 651 | 0 | |a Germany |x Social conditions |y 1918-1933. | |
| 852 | |a INST |b LESVOS |e 20101110 |h 320.540943 MOS |p 005100049608 |q 005100049608 |t BK |y 0 | ||
| 901 | |a BIBL1-2010-3 | ||
| 909 | |a Λ |b 164987 | ||
| 970 | |a ΤΖΑΦΕΡΗ |b ΕΥΑΓΓΕΛΙΑ |z 2010/11/10 | ||